Σύγκριση λιμένων κρουαζιέρας Ιταλίας, Ισπανίας και Ελλάδας : [πτυχιακή εργασία]
Αποθηκεύτηκε σε:
| Κύριος συγγραφέας: | |
|---|---|
| Συγγραφή απο Οργανισμό/Αρχή: | |
| Άλλοι συγγραφείς: | |
| Μορφή: | Thesis Βιβλίο |
| Γλώσσα: | Greek |
| Δημοσίευση: |
2013
|
| Θέματα: | |
| Διαθέσιμο Online: | http://hdl.handle.net/11610/9580 |
| Ετικέτες: |
Προσθήκη ετικέτας
Δεν υπάρχουν, Καταχωρήστε ετικέτα πρώτοι!
|
MARC
| LEADER | 00000cam a2200000 i 4500 | ||
|---|---|---|---|
| 001 | 1/63541 | ||
| 008 | 150115s2013 gre d | ||
| 035 | |l 10120433 | ||
| 040 | |a GR-MY-UA |b gre |e aacr | ||
| 041 | 0 | |a gre | |
| 082 | 0 | |a 387.542 |2 (23) | |
| 100 | 1 | |a Παπά, Σύλβια. | |
| 245 | 1 | 0 | |a Σύγκριση λιμένων κρουαζιέρας Ιταλίας, Ισπανίας και Ελλάδας : |b [πτυχιακή εργασία] / |c Σύλβια Παπά ; επιβλέπων καθηγητής: Θάνος Πάλλης |
| 260 | |c 2013 | ||
| 300 | |a 106 σ.; |b πίν., χάρτες; |c 30 εκ. | ||
| 502 | |a Πτυχιακή εργασία – Πανεπιστήμιο Αιγαίου, Χίος, 2013. | ||
| 504 | |a Περιλαμβάνει βιβλιογραφία | ||
| 650 | 0 | 0 | |a Cruise lines. |
| 650 | 0 | 0 | |a Cruise ships. |
| 650 | 0 | 0 | |a Ocean travel. |
| 650 | 0 | 0 | |a Harbors |z Mediterranean Region. |
| 650 | 0 | 0 | |a Dissertations, Academic |z Greece. |
| 700 | 1 | |4 ths |a Πάλλης, Αθανάσιος Α. | |
| 710 | 1 | |a Πανεπιστήμιο Αιγαίου |b Σχολή Επιστημών της Διοίκησης |b Τμήμα Ναυτιλίας και Επιχειρηματικών Υπηρεσιών - Τ.Ν.Ε.Υ. | |
| 852 | |a INST |b CHIOS |c DIATR |e 20150115 |h 387.542 ΠΑΠ |p 005200036308 |q 005200036308 |t DIE |y 23 | ||
| 852 | |a INST |b CHIOS |c DIATR |e 20150115 |h 387.542 ΠΑΠ |p 005200036309 |q 005200036309 |t DIE |y 23 | ||
| 856 | |u http://hdl.handle.net/11610/9580 | ||
| 901 | |a BIBL2-2015-1 | ||
| 909 | |a Χ |b 180469 | ||
| 909 | |a Χ |b 180470 | ||
| 924 | |a ΠΑΠΑ |b ΣΥΛΒΙΑ |y ΧΙΟΣ |z 2013-11 | ||
| 970 | |a ΠΑΡΟΙΚΑΚΗ |b ΒΑΣΙΛΙΚΗ |z 2015/01/15 | ||